|
|
|
|
| LEADER |
01013nam a2200253 u 4500 |
| 001 |
10019817 |
| 003 |
upatras |
| 005 |
20210117205350.0 |
| 008 |
881025s1996 gr gre |
| 020 |
|
|
|a 9602324627
|
| 040 |
|
|
|a GR-PaULI
|c GR-PaULI
|
| 041 |
0 |
|
|a gre
|
| 082 |
0 |
4 |
|a 352.63
|
| 100 |
1 |
|
|a Μαρίνος, Αναστάσιος Ν.
|9 143598
|
| 245 |
1 |
0 |
|a Τα βασικά του δημοσιοϋπαλληλικού δικαίου
|c Αναστασίου Ν. Μαρίνου
|
| 260 |
|
|
|a Αθήνα
|b Αντ. Ν. Σάκκουλας
|c 1996
|
| 300 |
|
|
|a 220 σ.
|c 17 εκ
|
| 505 |
1 |
|
|a Περιλαμβάνει βιβλιογραφία
|
| 650 |
|
4 |
|a Δημόσιοι υπάλληλοι
|9 143249
|
| 650 |
|
4 |
|a Δημόσιος τομέας
|9 6216
|
| 852 |
|
|
|a GR-PaULI
|b ΠΑΤΡΑ
|b ΝΟΜΙΚΗ
|k ΑΣΧΕ
|h 352.63 Μ
|m 38291
|t 1
|
| 942 |
|
|
|2 ddc
|c BK15
|
| 952 |
|
|
|0 0
|1 0
|4 0
|6 352_630000000000000_Μ
|7 0
|9 177276
|a LAWS
|b LAWS
|d 2016-04-24
|i 38291
|l 0
|o 352.63 Μ
|r 2016-04-24 00:00:00
|t 1
|w 2016-04-24
|y BK15
|
| 999 |
|
|
|c 110051
|d 110051
|